| 000 | 00553nam a2200193Ia 4500 | ||
|---|---|---|---|
| 003 | OSt | ||
| 005 | 20200909125026.0 | ||
| 008 | 190216s9999||||xx |||||||||||||| ||und|| | ||
| 020 | _a9780070669116 | ||
| 040 | _coclc | ||
| 082 |
_a621.381 _bJAI/M |
||
| 100 |
_aJain, R P _94525 |
||
| 245 | 0 |
_aModern Digital Electronics / _cR P Jain |
|
| 250 | _a4th Ed. | ||
| 260 |
_bTata Mcgraw-Hill Education Private Limited, _c2010. _aNew Delhi: |
||
| 300 | _a712p | ||
| 650 | _aPhysics | ||
| 942 |
_cBK _2ddc _h621.381 _iJAI/M _k621.381 _mJAI/M |
||
| 999 |
_c34332 _d34332 |
||